000 01113nam a2200241Ia 4500
001 16355
003 GE_BSU
008 181216s||||||||xx |||||||||||||| ||und||
020 _aISBN 978-9941-15-818-6:(ძველი ბერძნული ლირიკა)
040 _cGE_BSU
080 _a821.14'01.03=353.1
245 _aძველი ბერძნული ლირიკა
245 _cთარგმანი:გიგლა სარიშვილი,გიორგი ხომერიკი და სხვ.;რედ.:დიანა ყაისაშვილი; დიზაინერი: ია მახათაძე.
260 _aთბილისი
260 _bბაკურ სულაკაურის გამ-ბა
260 _c2013
300 _a397გვ.;22სმ.
300 _eყდაზე:გუსტავ კლიმის "მუსიკა".-შენიშვნ.:318-394.
541 _h12ლ.
653 _aლიტერატურა
653 _aძველი ბერძნული ლირიკა
942 _cBK
999 _c49432
_d49432